| 000 | 00732cam a2200217 a 4500 | ||
|---|---|---|---|
| 001 | 000013567 | ||
| 005 | 20200929163255.0 | ||
| 008 | 851003r1983 sp b 000 0 spa | ||
| 020 | _a843590346X | ||
| 040 |
_aDO-SdBNP _bspa _cBNPHU |
||
| 082 | _aXXXX | ||
| 100 | 1 |
_aMesa-Lago, Carmelo, _d1934- _930940 |
|
| 240 | 1 | 0 |
_aEconomy of socialist Cuba. _lSpanish |
| 245 | 1 | 3 |
_aLa economia en Cuba socialista : _buna evaluación de dos décadas / _cCarmelo Mesa-Lago. |
| 260 |
_aMadrid : _bPlayor, _c1983. |
||
| 300 |
_a307 p. ; _c21 cm. |
||
| 490 | 1 | _aBiblioteca cubana contemporanea | |
| 500 | _aIncluye notas al pie de las páginas | ||
| 504 | _aIncluye referencias bibliográficas | ||
| 830 | 0 |
_aBiblioteca cubana contemporanea _930941 |
|
| 999 |
_c13189 _d13189 |
||